000 00932nam a22002415i 4500
001 156782
003 ES-MaACL
005 20250902103717.0
008 950206s1874 sp |||| | spa d
040 _aCARM
100 1 _aLabra, Rafael M. de,
_d1840-1918
_969273
245 1 3 _aLa abolición de la esclavitud en el orden económico /
_cpor Rafael Maria de Labra.
260 _aMadrid :
_bSociedad Abolicionista Española,
_c1874 (
_fImp. de J. Noguera,a a cargo de M. Martinez,
_g1873)
300 _aXX, 458 p. ;
_c23 cm.
596 _aDatos de edición tomados de la cub. y datos de imp. de port.
650 7 _aEsclavitud
_2embne
_912358
650 4 _aMovimientos antiesclavistas.
_9136549
710 2 _aSociedad Abolicionista Española
_96627
852 _aES-MaACL
_jC-3258
_z-- Enc. hol.
852 _aES-MaACL
_jF-13506
_z-- Enc. hol.
852 _aES-MaACL
_jG-15586
_z-- Enc. hol.
999 _c156782
_d156782